00997nam a2200229 a 4500999001500000003000400015005001700019008004100036017002000077020001500097040001400112245022400126260005200350300004800402630002300450650004500473650005200518650004000570700003200610942001300642952011200655 c7438d7438OSt20211124135322.0070619s2006 sp a c 000 0 spa c aDL GI. 639-2006 a846113513X bcatcCDMR00aDibuixants, humoristes i il·lustradors de La Vanguardia 1881-2006 :bexposició commemorativa del 125è aniversari de La Vanguardia : del 18 de gener a l'11 de març de 2007 / c[textos: Arcadi Calzada ... [et al.]] a[Girona] : bFundació Caixa Girona, cDL 2006 a207 p. : bil. principalment col. ; c31 cm04aVanguardia (Diari)00aDibuixantszCatalunyaxExposicions9338400aHumorisme gràficzCatalunyaxHistòria9316200aDiariszCatalunyaxHistòria931171 aCalzada i Salavedra, Arcadi 2udccMON 00104070aCDMRbCDMRd2021-11-24eDonacióg12.00l0oDi 5/48pCDMR21110054r2021-11-24w2021-11-24yMON